000
00310nam a22001331a 4500
999
_c
157019
_d
157019
082
_a
M3
_b
VSI/T
100
_a
V S Idaykidam
245
_a
Thushagni/
_c
by V S Idaykidam.
260
_a
_b
Vidhyarthi,
_c
650
_a
Novel Malayalam
650
_a
Literature Malayalam
650
_a
Literature
942
_c
BK